Handbook of plant food phytochemicals : sources, stability and extraction /

Phytochemicals are plant derived chemicals which may bestow health benefits when consumed, whether medicinally or as part of a balanced diet. Given that plant foods are a major component of most diets worldwide, it is unsurprising that these foods represent the greatest source of phytochemicals for...

Full description

Bibliographic Details
Other Authors: Tiwari, Brijesh K., Brunton, Nigel, Brennan, Charles S.
Format: eBook
Language:English
Published: Chichester : Wiley-Blackwell, ©2013.
Subjects:
Online Access:Connect to the full text of this electronic book

MARC

Tag First Indicator Second Indicator Subfields
LEADER 00000nam a2200000 a 4500
001 in00005689421
005 20260215000047.4
006 m o d
007 cr cnu|||unuuu
008 130128s2013 enk obf 001 0 eng d
035 |a wil6005422 
035 |a (NhCcYBP)wil6005422 
040 |a NhCcYBP  |b eng  |c NhCcYBP 
020 |a 9781118464717  |q (electronic bk.) 
020 |a 1118464710  |q (electronic bk.) 
020 |a 9781118464687 
020 |a 1118464680 
020 |a 9781444338102  |q (Cloth) 
020 |a 1444338102  |q (Cloth) 
020 |a 9781299159150  |q (MyiLibrary) 
020 |a 129915915X  |q (MyiLibrary) 
020 |a 9781118464670 
020 |a 1118464672 
037 |a 447165  |b MIL 
050 4 |a QK861  |b .H34 2013 
072 7 |a SCI  |2 eflch 
082 0 4 |a 580  |2 23 
245 0 0 |a Handbook of plant food phytochemicals :  |b sources, stability and extraction /  |c edited by B.K. Tiwari, Nigel P. Brunton, Charles S. Brennan. 
260 |a Chichester :  |b Wiley-Blackwell,  |c ©2013. 
300 |a 1 online resource 
336 |a text  |b txt  |2 rdacontent 
337 |a computer  |b c  |2 rdamedia 
338 |a online resource  |b cr  |2 rdacarrier 
505 0 |a Plant food phytochemicals / BK Tiwari, Nigel P Brunton, Charles S Brennan -- Chemistry and Health. Chemistry and classification of phytochemicals / Rocio Campos-Vega, B Dave Oomah -- Phytochemicals and health / Ian T Johnson -- Pharmacology of phytochemicals / Jose M Mates -- Sources of Phytochemicals. Fruit and vegetables / Uma Tiwari, Enda Cummins -- Food grains / Sanaa Ragaee, Tamer Gamel, Koushik Seethraman, El-Sayed M Abdel-Aal -- Plantation crops and tree nuts / Narpinder Singh, Amritpal Kaur -- Food processing by-products / Anil Kumar Anal -- Impact of Processing on Phytochemicals. On farm and fresh produce management / Kim Reilly -- Minimal processing of leafy vegetables / Rod Jones, Bruce Tomkins -- Thermal processing / Nigel P Brunton -- Effect of novel thermal processing on phytochemicals / Bhupinder Kaur, Fazilah Ariffin, Rajeev Bhat, Alias A Karim -- Non thermal processing / BK Tiwari, PJ Cullen, Charles S Brennan, Colm P O'Donnell -- Stability of Phytochemicals. Stability of phytochemicals during grain processing / Laura Alvarez-Jubete, Uma Tiwari -- Factors affecting phytochemical stability / Jun Yang, Xiangjiu He, Dongjun Zhao -- Stability of phytochemicals at the point of sale / Pradeep Singh Negi -- Analysis and Application. Conventional extraction techniques for phytochemicals / Niamh Harbourne, Eunice Marete, Jean Christophe Jacquier, Dolores O'Riordan -- Novel extraction techniques for phytochemicals / Hilde H Wijngaard, Olivera Trifunovic, Peter Bongers -- Analytical techniques for phytochemicals / Rong Tsao, Hongyan Li -- Antioxidant activity of phytochemicals / Ankit Patras, Yvonne V Yuan, Helena Soares Costa, Ana Sanches-Silva -- Industrial applications of phytochemicals / Juan Valverde. 
504 |a Includes bibliographical references and index. 
588 0 |a Print version record. 
520 |a Phytochemicals are plant derived chemicals which may bestow health benefits when consumed, whether medicinally or as part of a balanced diet. Given that plant foods are a major component of most diets worldwide, it is unsurprising that these foods represent the greatest source of phytochemicals for most people. Yet it is only relatively recently that due recognition has been given to the importance of phytochemicals in maintaining our health. New evidence for the role of specific plant food phytochemicals in protecting against the onset of diseases such as cancers and heart disease is conti. 
650 0 |a Phytochemicals. 
650 0 |a Plants  |x Composition. 
650 0 |a Food  |x Composition. 
650 0 |a Food industry and trade. 
655 0 |a Electronic books. 
700 1 |a Tiwari, Brijesh K.  |1 https://id.oclc.org/worldcat/entity/E39PCjy6BjhxrqryTQDhG8VY8y 
700 1 |a Brunton, Nigel.  |1 https://id.oclc.org/worldcat/entity/E39PCjGTj9GkjjtDcGHjxQrkKq 
700 1 |a Brennan, Charles S.  |1 https://id.oclc.org/worldcat/entity/E39PCjDydfxVYTQXr9GK46gkDq 
758 |i has work:  |a Handbook of plant food phytochemicals (Text)  |1 https://id.oclc.org/worldcat/entity/E39PCFPGvxRbtrvh4RdRcq8CpP  |4 https://id.oclc.org/worldcat/ontology/hasWork 
776 0 8 |i Print version:  |t Handbook of plant food phytochemicals.  |d Hoboken : Wiley-Blackwell, ©2012  |z 9781444338102 
856 4 0 |u http://proxy.library.tamu.edu/login?url=https://onlinelibrary.wiley.com/book/10.1002/9781118464717  |z Connect to the full text of this electronic book  |t 0 
955 |a Wiley EBA record 
975 |p Wiley UBCM Full Collection 
976 |a 6005422 
999 f f |i e83d7ed8-3b04-46dd-a7eb-063b1eb7b22e  |s 1b0ccb07-e15a-4d60-9b3c-485c6c0d7d02  |t 0 
952 f f |a Texas A&M University  |b College Station  |c Electronic Resources  |s evans_pda  |d Available Online  |t 0  |e QK861 .H34 2013  |h Library of Congress classification 
998 f f |a QK861 .H34 2013  |t 0  |l Available Online